000 00878cam a2200289 a 4500
001 000009363
003 DO-SdBNP
005 20240709094259.0
007 ta
008 980914s1997 pr 000 f spa d
020 _a1563280833
040 _aDO-SdBNP
_bspa
_cBNPHU
082 _aPR8.44
_bR696c
_222
100 1 _aRodríguez Juliá, Edgardo,
_d1946-
_eautor
_919892
245 1 0 _aCartagena /
_cEdgardo Rodriguez Julia.
264 4 _aRio Piedras, Puerto Rico :
_bPlaza Mayor,
_cc1997.
300 _a292 páginas ;
_c21 cm.
336 _2rdacontent
_atexto
_btxt
337 _2rdamedia
_asin mediación
_bn
338 _2rdacarrier
_avolumen
_bnc
490 1 _aBiblioteca de autores de Puerto Rico.
590 _aInventariado, 2024/DG
650 4 _aNovela puertorriqueña
_91185
650 4 _aLiteratura puertorriqueña
_ySIGLO XX
_95311
910 _aDG
942 _2ddc
_cLBS1
999 _c9123
_d9123